1795 1104 1558 1729 1277 1554 1048 1492 1381 1554 1120 1418 1192 1393 1447 1381 1851 1336 1661 1781 1091 1559 1659 1338 1425 1294 1479 1896 1339 1848 1665 1027 1713 1924 1427 1311 1038 1660 1922 1738 1891 1893 1745 1040 1077 1870 1115 1258 1260 1201 1886 1207 1383 1622 1866 1652 1392 1125 1333 1221 1053 1153 1989 1998 1594 1936 1712 1404 1009 1399 1386 1630 1596 1915 1922 1339 1227 1143 1906 1463 1339 1980 1541 1145 1409 1425 1596 1573 1811 1119 1624 1707 1952 1065 1992 1356 1928 1381 1719 BCNSPRNW ULIB Ver.6.0+V

เปลี่ยนเป็นภาษาไทย

Change to English
 แสดงรายละเอียดบรรณานุกรม
  กลับหน้าหลัก

Brief Record : Get Marc (ISO 2709) : E-mail record : QR code < ปิดหน้าต่าง
LEADER : 00000nam 2200000uu 4500
001    13399128715
003     ULIB
008    240806s2562||||th 000 0 tha d
020    ^a9786165652339
060    ^aWP840 ด148ร
100    ^aดลฤดี สองทิศ
245    ^aโรคเต้านม จากทฤษฎีสู่เวชปฏิบัติ CLINICAL SCENARIOS IN BREAST DISEASE
250    ^aพิมพ์ครั้งที่ 1
260    ^aนครปฐม :^bห้างหุ้นส่วนจำกัด สินทวีกิจ พริ้นติ้ง,^c2562
300    ^a243 หน้า^bภาพประกอบ, ตาราง, ภาคผนวก
650    ^aเต้านม, โรค^xเวชปฏิบัติ
650    ^aโรคเต้านม
945    ^p420^l0^i30160
945    ^p420^l0^i30161
945    ^p420^l0^i30162
945    ^p420^l0^i30163
945    ^p420^l0^i30164
999    ^aกัณชพร
รายการนี้ยังไม่มีแท็ก
คุณยังไม่ได้ล็อกอิน คุณสามารถมีกิจกรรมร่วมกับเว็บไซต์ได้ แต่ต้องล็อกอินก่อน ::
  ล็อกอิน

รายการสื่อสารสนเทศ

ลำดับที่ ประเภท เลขเรียก/บาร์โค้ด สถานที่ สถานะ
1. หนังสือสำรอง
หนังสือสำรอง
WP840 ด148ร ฉ.1 
  Barcode: 30160
ห้องสมุดวิทยาเขตสวรรค์ประชารักษ์
►หนังสือทั่วไป
บนชั้น
2. วิทยาศาสตร์การแพทย์ และสุขภาพ
วิทยาศาสตร์การแพทย์ และสุขภาพ
WP840 ด148ร ฉ.2 
  Barcode: 30161
ห้องสมุดวิทยาเขตสวรรค์ประชารักษ์
►หนังสือทั่วไป
บนชั้น
3. วิทยาศาสตร์การแพทย์ และสุขภาพ
วิทยาศาสตร์การแพทย์ และสุขภาพ
WP840 ด148ร ฉ.3 
  Barcode: 30162
ห้องสมุดวิทยาเขตสวรรค์ประชารักษ์
►หนังสือทั่วไป
บนชั้น
4. วิทยาศาสตร์การแพทย์ และสุขภาพ
วิทยาศาสตร์การแพทย์ และสุขภาพ
WP840 ด148ร ฉ.4 
  Barcode: 30163
ห้องสมุดวิทยาเขตสวรรค์ประชารักษ์
►หนังสือทั่วไป
บนชั้น
5. วิทยาศาสตร์การแพทย์ และสุขภาพ
วิทยาศาสตร์การแพทย์ และสุขภาพ
WP840 ด148ร ฉ.5 
  Barcode: 30164
ห้องสมุดวิทยาเขตสวรรค์ประชารักษ์
►หนังสือทั่วไป
บนชั้น

รายการใกล้เคียง
    ชื่อเรื่อง [โรคเต้านม จากทฤษฎีสู่เวชปฏิบัติ CLINICAL SCENARIOS IN BREAST DISEASE]

    ผู้แต่ง [ดลฤดี สองทิศ]

    หัวเรื่อง [โรคเต้านม]

BibComment


ยังไม่เคยถูกคอมเมนท์

คอมเมนท์ทรัพยากรรายการนี้
  คอมเมนท์: โรคเต้านม จากทฤษ..


 Copyright 2026. Bcnsprnw @Library